| 000 | 00508 a2200181 4500 | ||
|---|---|---|---|
| 003 | OSt | ||
| 005 | 20230715132326.0 | ||
| 008 | 230715b |||||||| |||| 00| 0 eng d | ||
| 020 | _a9789325960107 | ||
| 040 | _coclc | ||
| 082 |
_a347.83 _bKUC/M |
||
| 100 |
_aKuchhal, M C _91570 |
||
| 245 |
_aMercantile law _cM CKuchhal, Vivek Kuchhal |
||
| 250 | _a8th ed. | ||
| 260 |
_aNoida: _bVikas Publishing, _c2021. |
||
| 300 | _a690 pages | ||
| 942 |
_2ddc _cBK _h347.83 _iKUC/M _k347.83 _mKUC/M |
||
| 999 |
_c41846 _d41846 |
||